00384 2200157 4500001002100000005001500021035002000036245004600056100001100102300001200113260002600125082000800151084001400159008004100173990001200214INLIS00000000000184920250509082044 a0010-05250001411 aSalah Kelola Tragedi Kota Tegal /cMaufur0 aMaufur a150 hlm bLPP Lima Media,c2018 a900 a900 MAU s250509 0  a0754752